|
|
|
|
| LEADER |
00000nam0a2200000 4500 |
| 001 |
32094 |
| 005 |
20231030204735.0 |
| 010 |
|
|
|a 5247029496
|
| 035 |
|
|
|a (RuTPU)RU\TPU\book\32389
|
| 035 |
|
|
|a BOOK00000468
|
| 090 |
|
|
|a 32094
|
| 100 |
|
|
|a 20011210d1992 u y0rusy50 ca
|
| 101 |
0 |
|
|a rus
|
| 102 |
|
|
|a RU
|
| 105 |
|
|
|a a f 001|y
|
| 200 |
1 |
|
|a Изучение инженерно-геокриологических и гидрогеологических условий верхних горизонтов пород в нефтегазоносных районах криолитозоны
|e Методическое руководство
|f Под ред. Е. С. Мельникова
|
| 210 |
|
|
|a Москва
|c Недра
|d 1992
|
| 215 |
|
|
|a 288 с.
|c ил.
|
| 320 |
|
|
|a Библиогр.: с. 282-285.
|
| 610 |
1 |
|
|a геология
|
| 610 |
1 |
|
|a криолитозона
|
| 610 |
1 |
|
|a нефтегазоносные районы
|
| 610 |
1 |
|
|a наблюдения
|
| 610 |
1 |
|
|a съемка
|
| 610 |
1 |
|
|a полевые методы
|
| 610 |
1 |
|
|a разведочные работы
|
| 675 |
|
|
|a 553.98.08(07)
|v 3
|
| 702 |
|
1 |
|a Мельников
|b Е. С
|
| 801 |
|
0 |
|a RU
|b 63413507
|c 20011210
|g PSBO
|
| 801 |
|
2 |
|a RU
|b 63413507
|c 20081008
|g PSBO
|
| 942 |
|
|
|c BK
|